Κώστας Βαρώτσος
Αποθηκεύτηκε σε:
| Κύριος συγγραφέας: | |
|---|---|
| Μορφή: | Βιβλίο |
| Γλώσσα: | Greek |
| Δημοσίευση: |
[Αθήνα] :
Τα Νέα,
[2008;]
|
| Σειρά: | Σύγχρονοι Έλληνες εικαστικοί ;
23 |
| Θέματα: | |
| Ετικέτες: |
Προσθήκη ετικέτας
Δεν υπάρχουν, Καταχωρήστε ετικέτα πρώτοι!
|
MARC
| LEADER | 00000cam a2200000 i 4500 | ||
|---|---|---|---|
| 001 | 1/805 | ||
| 008 | 090806s2008 gr | ||| |||| ||gre|| | ||
| 020 | |a 9789604694969 | ||
| 035 | |l 10105367 | ||
| 040 | |a GR-MyUa |b gre |e AACR2 | ||
| 041 | 0 | |a gre | |
| 082 | 7 | |a 700.92 |2 (22) | |
| 100 | 1 | |a Χατζηγιαννάκη, Άννα. | |
| 245 | 1 | 0 | |a Κώστας Βαρώτσος / |c Άννα Χατζηγιαννάκη. |
| 260 | |a [Αθήνα] : |b Τα Νέα, |c [2008;] | ||
| 300 | |a 145 σ. : |b έγχρ. εικ. ; |c 25 εκ | ||
| 490 | 1 | |a (Σύγχρονοι Έλληνες εικαστικοί ; |v 23) | |
| 504 | |a Βιβλιογραφία: σ. 145. | ||
| 600 | 1 | 0 | |a Βαρώτσος, Κώστας Αντ., |d 1956- |
| 650 | 0 | |a Artists |z Greece |y 20th century. | |
| 830 | 0 | |a Σύγχρονοι Έλληνες εικαστικοί ; |v 23 | |
| 852 | |a INST |b LESVOS |e 20190716 |h 700.92 ΧΑΤ |p 005100061827 |q 005100061827 |t BK |y 0 | ||
| 852 | |a INST |b SYROS |e 20090806 |h 700.92 ΒΑΡ |p 005500008272 |q 005500008272 |t BK |y 0 | ||
| 901 | |a BIBL5-2009-2 | ||
| 970 | |a Καγιαβά |b Ειρήνη |z 026/08/2009 | ||